Archival Storage Materials.

Gorde:
Xehetasun bibliografikoak
Formatua: Ezezaguna
Hizkuntza:English
Argitaratua: [Lugar de publicación no identificado] : Metal Edge, [fecha de publicación no identificada].
Gaiak:
Etiketak: Etiketa erantsi
Etiketarik gabe, Izan zaitez lehena erregistro honi etiketa jartzen!

MARC

LEADER 000000000a22000000004500
001 005828
041 0 |a eng 
245 0 0 |a Archival Storage Materials. 
260 1 |a [Lugar de publicación no identificado] :   |b Metal Edge,   |c [fecha de publicación no identificada]. 
300 |a 65 páginas 
500 |a COLECCIÓN DE MUSEOS 
650 4 |a MUSEOS 
650 4 |a ARCHIVOS 
650 4 |a FOTOGRAFÍAS 
942 |c ARC 
999 |c 12554  |d 12554